China’s Macroeconomic Outlook Quarterly Forecast and Analysis Report, February 2014.

This book  provides key insights into how to control local government debts and optimize the makeup of debts in China. The rapid growth of investment in infrastructure on the part of local governments has offset the slowdown of investment growth in manufacturing and real estate and maintained the gr...

Full description

Bibliographic Details
Corporate Authors: CMR of Xiamen University (Author), SpringerLink (Online service)
Format: Electronic eBook
Language:English
Published: Berlin, Heidelberg : Springer Berlin Heidelberg : Imprint: Springer, 2015.
Series:Current Chinese Economic Report Series,
Subjects:
Online Access:Full Text via HEAL-Link
LEADER 02776nam a22004935i 4500
001 978-3-662-45865-5
003 DE-He213
005 20151204190916.0
007 cr nn 008mamaa
008 150106s2015 gw | s |||| 0|eng d
020 |a 9783662458655  |9 978-3-662-45865-5 
024 7 |a 10.1007/978-3-662-45865-5  |2 doi 
040 |d GrThAP 
050 4 |a HB172.5 
072 7 |a KCB  |2 bicssc 
072 7 |a KCBM  |2 bicssc 
072 7 |a BUS039000  |2 bisacsh 
072 7 |a BUS045000  |2 bisacsh 
082 0 4 |a 339  |2 23 
110 2 |a CMR of Xiamen University.  |e author. 
245 1 0 |a China’s Macroeconomic Outlook  |h [electronic resource] :  |b Quarterly Forecast and Analysis Report, February 2014. 
264 1 |a Berlin, Heidelberg :  |b Springer Berlin Heidelberg :  |b Imprint: Springer,  |c 2015. 
300 |a XI, 66 p. 37 illus.  |b online resource. 
336 |a text  |b txt  |2 rdacontent 
337 |a computer  |b c  |2 rdamedia 
338 |a online resource  |b cr  |2 rdacarrier 
347 |a text file  |b PDF  |2 rda 
490 1 |a Current Chinese Economic Report Series,  |x 2194-7937 
505 0 |a Preface -- Introduction -- A Review of China’s Economy in 2013 -- Forecast of China’s Economy for 2014-2015 -- Policy Simulations -- Policy Implications and Recommendations -- Comments and Discussion -- A Survey of China’s Macroeconomic Performance in 2014. 
520 |a This book  provides key insights into how to control local government debts and optimize the makeup of debts in China. The rapid growth of investment in infrastructure on the part of local governments has offset the slowdown of investment growth in manufacturing and real estate and maintained the growth rate of 7.7% in 2013. However, local governments’ debts have accumulated, which increases the risk of debt default and threatens the stability of China’s financial system. The research suggests that increasing the proportion of issuing bonds in total debts would be the first step toward eliminating the debt risk. Second, the Chinese government should play its part; and lastly, the government should relinquish its administrative control and monopoly in order to allow the service industry to further develop. 
650 0 |a Macroeconomics. 
650 0 |a Economic policy. 
650 0 |a Economic growth. 
650 1 4 |a Economics. 
650 2 4 |a Macroeconomics/Monetary Economics//Financial Economics. 
650 2 4 |a Economic Growth. 
650 2 4 |a Economic Policy. 
710 2 |a SpringerLink (Online service) 
773 0 |t Springer eBooks 
776 0 8 |i Printed edition:  |z 9783662458648 
830 0 |a Current Chinese Economic Report Series,  |x 2194-7937 
856 4 0 |u http://dx.doi.org/10.1007/978-3-662-45865-5  |z Full Text via HEAL-Link 
912 |a ZDB-2-SBE 
950 |a Business and Economics (Springer-11643)